| 000 | 01145nam a22002537a 4500 | ||
|---|---|---|---|
| 003 | JO-AjAnu | ||
| 005 | 20251012124355.0 | ||
| 008 | 251012b jo ||||| |||| 00| 0 ara d | ||
| 020 | _a9789957608873 | ||
| 040 |
_aJO-AjAnu _bara _cJO-AjAnu _dJO-AjAnu _erda |
||
| 041 |
_aara _hara |
||
| 050 |
_aGV706.4. _bT365 2018 |
||
| 100 | 1 |
_aالتميمي، ياسين علوان _eمؤلف _966766 |
|
| 245 | 0 |
_aعلم النفس التربوي الرياضي / _c ياسين علوان التميمي، علي ياسين التميمي، حيدر عباس الربيعي، سعيد سليم الكلابي |
|
| 250 | _aالطبعة الاولى | ||
| 260 |
_aعمان : _bالدار المنهجية للنشر والتوزيع، _c2018 |
||
| 300 | _a328 صفحة | ||
| 504 | _aيحتوي على مصادر ومراجع | ||
| 650 | 7 | 0 |
_aعلم النفس التربوي-الرياضة _966767 |
| 700 | 1 |
_aالتميمي، علي ياسين _eمؤلف مشارك _966768 |
|
| 700 | 1 |
_aالربيعي، حيدر عباس _eمؤلف مشارك _966769 |
|
| 700 | 1 |
_aالكلابي، سعيد سليم _eمؤلف مشارك _966770 |
|
| 942 |
_2lcc _cBK _n0 |
||
| 999 |
_c34053 _d34053 |
||